|
|
|
|
| LEADER |
01000cam a2200265 ca4500 |
| 001 |
030292425 |
| 003 |
DE-627 |
| 005 |
20240411131239.0 |
| 007 |
tu |
| 008 |
860826m19719999gw ||||| 00| ||ger c |
| 035 |
|
|
|a (DE-627)030292425
|
| 035 |
|
|
|a (DE-576)9030292423
|
| 035 |
|
|
|a (DE-599)GBV030292425
|
| 040 |
|
|
|a DE-627
|b ger
|c DE-627
|e rda
|
| 041 |
|
|
|a ger
|
| 044 |
|
|
|c XA-DE-BW
|
| 084 |
|
|
|a 17.75
|2 bkl
|
| 084 |
|
|
|a 17.93
|2 bkl
|
| 084 |
|
|
|a 18.10
|2 bkl
|
| 245 |
0 |
0 |
|a Deutsche revolutionäre Demokraten
|b [Darstellung und Dokumentation]
|c herausgegeben und eingeleitet von Walter Grab
|
| 264 |
|
1 |
|a Stuttgart
|b J.B. Metzler
|c 1971-
|
| 336 |
|
|
|a Text
|b txt
|2 rdacontent
|
| 337 |
|
|
|a ohne Hilfsmittel zu benutzen
|b n
|2 rdamedia
|
| 338 |
|
|
|a Band
|b nc
|2 rdacarrier
|
| 689 |
0 |
0 |
|D s
|0 (DE-588)4162691-6
|0 (DE-627)105460346
|0 (DE-576)209875372
|a Jakobiner
|2 gnd
|
| 689 |
0 |
|
|5 (DE-627)
|
| 700 |
1 |
|
|a Grab, Walter
|d 1919-2000
|e herausgeberin
|0 (DE-588)118541080
|0 (DE-627)215253639
|0 (DE-576)161171028
|4 edt
|
| 912 |
|
|
|a GBV_ILN_11
|
| 912 |
|
|
|a ISIL_DE-1a
|
| 912 |
|
|
|a SYSFLAG_1
|
| 912 |
|
|
|a GBV_KXP
|
| 912 |
|
|
|a GBV_ILN_20
|
| 912 |
|
|
|a ISIL_DE-84
|
| 912 |
|
|
|a GBV_ILN_21
|
| 912 |
|
|
|a ISIL_DE-46
|
| 912 |
|
|
|a GBV_ILN_22
|
| 912 |
|
|
|a ISIL_DE-18
|
| 912 |
|
|
|a GBV_ILN_22_i30908
|
| 912 |
|
|
|a GBV_ILN_22_i25008
|
| 912 |
|
|
|a GBV_ILN_22_i07603
|
| 912 |
|
|
|a GBV_ILN_22_i22708
|
| 912 |
|
|
|a GBV_ILN_24
|
| 912 |
|
|
|a ISIL_DE-8
|
| 912 |
|
|
|a GBV_ILN_24_f003
|
| 912 |
|
|
|a GBV_ILN_31
|
| 912 |
|
|
|a ISIL_DE-27
|
| 912 |
|
|
|a GBV_ILN_33
|
| 912 |
|
|
|a GBV_ILN_39
|
| 912 |
|
|
|a ISIL_DE-547
|
| 912 |
|
|
|a GBV_ILN_40
|
| 912 |
|
|
|a ISIL_DE-7
|
| 912 |
|
|
|a GBV_ILN_40_i160
|
| 912 |
|
|
|a GBV_ILN_50
|
| 912 |
|
|
|a ISIL_DE-23
|
| 912 |
|
|
|a GBV_ILN_60
|
| 912 |
|
|
|a ISIL_DE-705
|
| 912 |
|
|
|a GBV_ILN_61
|
| 912 |
|
|
|a ISIL_DE-32
|
| 912 |
|
|
|a GBV_ILN_62
|
| 912 |
|
|
|a ISIL_DE-28
|
| 912 |
|
|
|a GBV_ILN_65
|
| 912 |
|
|
|a ISIL_DE-3
|
| 912 |
|
|
|a GBV_ILN_69
|
| 912 |
|
|
|a ISIL_DE-9
|
| 912 |
|
|
|a GBV_ILN_70
|
| 912 |
|
|
|a ISIL_DE-89
|
| 912 |
|
|
|a GBV_ILN_72
|
| 912 |
|
|
|a ISIL_DE-35
|
| 912 |
|
|
|a GBV_ILN_90
|
| 912 |
|
|
|a ISIL_DE-Hil2
|
| 912 |
|
|
|a GBV_ILN_100
|
| 912 |
|
|
|a ISIL_DE-Ma9
|
| 912 |
|
|
|a GBV_ILN_104
|
| 912 |
|
|
|a ISIL_DE-68
|
| 912 |
|
|
|a GBV_ILN_110
|
| 912 |
|
|
|a ISIL_DE-Luen4
|
| 912 |
|
|
|a GBV_ILN_120
|
| 912 |
|
|
|a ISIL_DE-715
|
| 912 |
|
|
|a GBV_ILN_121
|
| 912 |
|
|
|a ISIL_DE-45
|
| 912 |
|
|
|a GBV_ILN_130
|
| 912 |
|
|
|a ISIL_DE-700
|
| 912 |
|
|
|a GBV_ILN_203
|
| 912 |
|
|
|a GBV_ILN_203_m01304
|
| 912 |
|
|
|a GBV_ILN_203_m07706
|
| 912 |
|
|
|a GBV_ILN_227
|
| 912 |
|
|
|a ISIL_DE-56
|
| 912 |
|
|
|a GBV_ILN_240
|
| 912 |
|
|
|a ISIL_DE-138
|
| 912 |
|
|
|a GBV_ILN_244
|
| 912 |
|
|
|a ISIL_DE-B41
|
| 912 |
|
|
|a GBV_ILN_257
|
| 912 |
|
|
|a ISIL_DE-H99
|
| 912 |
|
|
|a GBV_ILN_285
|
| 912 |
|
|
|a ISIL_DE-517
|
| 912 |
|
|
|a GBV_ILN_350
|
| 912 |
|
|
|a ISIL_DE-2795
|
| 912 |
|
|
|a GBV_ILN_350_
|
| 912 |
|
|
|a GBV_ILN_632
|
| 912 |
|
|
|a ISIL_DE-476
|
| 912 |
|
|
|a GBV_ILN_665
|
| 912 |
|
|
|a ISIL_DE-Hv4
|
| 912 |
|
|
|a GBV_ILN_2030
|
| 912 |
|
|
|a ISIL_DE-77-XXX
|
| 912 |
|
|
|a GBV_ILN_2579
|
| 912 |
|
|
|a ISIL_DE-Mz5
|
| 936 |
b |
k |
|a 17.75
|j Literaturkritik
|0 (DE-627)106422162
|
| 936 |
b |
k |
|a 17.93
|j Literarische Stoffe
|j literarische Motive
|j literarische Themen
|0 (DE-627)106404490
|
| 936 |
b |
k |
|a 18.10
|j Deutsche Literatur
|0 (DE-627)106405047
|
| 951 |
|
|
|a MC
|
| 980 |
|
|
|2 11
|1 01
|x 0001
|b 593593391
|y x
|z 04-03-03
|
| 980 |
|
|
|2 20
|1 01
|x 0084
|b 372608116
|y x
|z 23-12-99
|
| 980 |
|
|
|2 21
|1 01
|x 0046
|b 1625279744
|y xza
|z 13-07-16
|
| 980 |
|
|
|2 22
|1 01
|x 0018
|b 354896679
|y xi30908
|z 31-08-99
|
| 980 |
|
|
|2 22
|1 02
|x 0018
|b 406460205
|y xi25008
|z 17-10-00
|
| 980 |
|
|
|2 22
|1 03
|x 0018
|b 714882690
|y xi07603
|z 11-04-05
|
| 980 |
|
|
|2 22
|1 04
|x 0018
|b 294926852
|y xi22708
|z 04-09-98
|
| 980 |
|
|
|2 22
|1 05
|x 0018
|b 354909339
|y xi30908
|z 31-08-99
|
| 980 |
|
|
|2 22
|1 06
|x 0018
|b 086273523
|y xu
|z 21-06-84
|
| 980 |
|
|
|2 22
|1 07
|x 0018
|b 309095344
|y xi30908
|z 10-11-98
|
| 980 |
|
|
|2 22
|1 08
|x 0018
|b 383269776
|y xi30908
|z 20-03-00
|
| 980 |
|
|
|2 22
|1 09
|x 0018
|b 406546533
|y xi25008
|z 18-10-00
|
| 980 |
|
|
|2 22
|1 10
|x 0018
|b 837461561
|y xi30908
|z 28-09-07
|
| 980 |
|
|
|2 24
|1 01
|x 0008
|b 513222367
|c 00
|f 16
|d Ac 7212
|e u
|j --%%--
|h hb
|y zz1
|z 15-10-00
|
| 980 |
|
|
|2 24
|1 03
|x 0008
|b 827128134
|h ca
|y xf003
|z 17-07-07
|
| 980 |
|
|
|2 31
|1 01
|x 0027
|b 1241158959
|y x
|z 12-05-11
|
| 980 |
|
|
|2 33
|1 01
|x 3550
|b 1305187466
|h seil
|y x
|z 14-05-12
|
| 980 |
|
|
|2 39
|1 01
|x 0547
|b 228217113
|y xe
|z 03-11-98
|
| 980 |
|
|
|2 40
|1 01
|x 0007
|b 380769638
|y xi160
|z 28-02-00
|
| 980 |
|
|
|2 50
|1 01
|x 0023
|b 402151747
|y x
|z 01-09-00
|
| 980 |
|
|
|2 60
|1 01
|x 0705
|b 154477761
|y x
|z 01-01-95
|
| 980 |
|
|
|2 61
|1 01
|x 0032
|b 42474970X
|y x
|z 31-01-01
|
| 980 |
|
|
|2 62
|1 01
|x 0028
|b 635762218
|h ACQ
|y x
|z 23-02-04
|
| 980 |
|
|
|2 65
|1 01
|x 0003
|b 246808055
|y x
|z 17-07-97
|
| 980 |
|
|
|2 69
|1 01
|x 0009
|b 621843873
|y x
|z 19-03-04
|
| 980 |
|
|
|2 70
|1 02
|x 0089
|b 476569192
|y xce
|z 03-02-01
|
| 980 |
|
|
|2 70
|1 03
|x 0089
|b 557378486
|y xsg
|z 19-05-02
|
| 980 |
|
|
|2 70
|1 04
|x 0089
|b 36577068X
|y xcl
|z 15-11-99
|
| 980 |
|
|
|2 70
|1 90
|x 0089
|b 607348208
|y xsa
|z 02-07-03
|
| 980 |
|
|
|2 72
|1 01
|x 0035
|b 26364491X
|y xz
|z 10-11-97
|
| 980 |
|
|
|2 90
|1 01
|x 3090
|b 673999084
|y x
|z 31-10-04
|
| 980 |
|
|
|2 100
|1 01
|x 3100
|b 824117387
|y x
|z 22-06-07
|
| 980 |
|
|
|2 104
|1 01
|x 0068
|b 1170565956
|c 00
|f MAG
|d Einzelsignatur
|e --%%--
|j --%%--
|y x
|z 06-07-10
|
| 980 |
|
|
|2 110
|1 01
|x 3110
|b 555935175
|y xz
|z 21-05-02
|
| 980 |
|
|
|2 120
|1 01
|x 0715
|b 59395629X
|y x
|z 06-03-03
|
| 980 |
|
|
|2 121
|1 01
|x 0045
|b 842294341
|h alma
|y x
|z 30-10-07
|
| 980 |
|
|
|2 130
|1 01
|x 0700
|b 154477753
|k Zur Anzeige der Signaturen klicken Sie bitte auf "zugehörige Publikationen"
|y xb
|z 01-01-95
|
| 980 |
|
|
|2 203
|1 01
|x 3522
|b 1627208992
|c 00
|f --%%--
|d --%%--
|e i
|j --%%--
|y xm01304
|z 27-07-16
|
| 980 |
|
|
|2 203
|1 02
|x 3522
|b 3825764222
|c 00
|f H77
|d --%%--
|e i
|j --%%--
|y rm07706
|z 15-12-20
|
| 980 |
|
|
|2 227
|1 01
|x 0056
|b 3663115372
|y x
|z 08-05-20
|
| 980 |
|
|
|2 240
|1 01
|x 0138
|b 664448305
|c 00
|f --%%--
|d Gesch 390 K
|e d
|j --%%--
|y z
|z 20-09-04
|
| 980 |
|
|
|2 244
|1 01
|x 3244
|b 826850359
|y x
|z 13-07-07
|
| 980 |
|
|
|2 257
|1 01
|x 3537
|b 1321625707
|y xkb
|z 23-08-12
|
| 980 |
|
|
|2 285
|1 01
|x 0517
|b 797287647
|y n
|z 06-01-00
|
| 980 |
|
|
|2 350
|1 01
|x 8293
|b 098461273
|c 00
|f LESESAAL
|d Cee 8
|e i
|j --%%--
|k Bestand: 1.1971 - 5.1973
|y n
|z 23-04-99
|
| 980 |
|
|
|2 632
|1 01
|x 0476
|b 1104004542
|g Bestand: 5.1973
|y x1
|z 23-11-09
|
| 980 |
|
|
|2 665
|1 01
|x 3665
|b 159716268X
|y xha
|z 25-01-16
|
| 980 |
|
|
|2 2030
|1 01
|x DE-77-XXX
|b 4911599456
|c 00
|f --%%--
|d --%%--
|e --%%--
|j --%%--
|y l01
|z 09-02-26
|
| 980 |
|
|
|2 2579
|1 01
|x DE-Mz5
|b 4775923633
|c 00
|f --%%--
|d --%%--
|e --%%--
|j --%%--
|y l01
|z 25-09-25
|
| 983 |
|
|
|2 21
|1 00
|x DE-46
|8 99
|a 24
|
| 983 |
|
|
|2 24
|1 01
|x 0008
|8 59
|0 (DE-627)361667337
|a gse 215.30
|b Französische Revolution
|b Rezeption
|b Deutschland
|b Geschichte 1790-1815
|
| 983 |
|
|
|2 24
|1 01
|x 0008
|8 79
|0 (DE-627)499652363
|a gse 215
|b Deutschland
|b Geschichte 1790-1815
|
| 983 |
|
|
|2 33
|1 01
|x 3550
|8 99
|a fff
|
| 983 |
|
|
|2 39
|1 00
|x DE-547
|8 00
|a NO 3950
|
| 983 |
|
|
|2 39
|1 00
|x DE-547
|8 01
|a GK 1295
|
| 983 |
|
|
|2 60
|1 00
|x DE-705
|8 05
|a HIS 661:H0002
|
| 983 |
|
|
|2 70
|1 00
|x DE-89
|8 20
|a GQ 230
|
| 983 |
|
|
|2 120
|1 00
|x DE-715
|8 00
|a tea 133
|
| 983 |
|
|
|2 120
|1 00
|x DE-715
|8 99
|a nn
|
| 983 |
|
|
|2 285
|1 00
|x DE-517
|8 02
|a h.1974/174
|
| 987 |
|
|
|2 632
|1 01
|x 0476
|d 5
|j 1973
|
| 995 |
|
|
|2 24
|1 01
|x 0008
|a hb
|
| 995 |
|
|
|2 24
|1 03
|x 0008
|a ca
|
| 995 |
|
|
|2 33
|1 01
|x 3550
|a seil
|
| 995 |
|
|
|2 62
|1 01
|x 0028
|a ACQ
|
| 995 |
|
|
|2 121
|1 01
|x 0045
|a alma
|